00738nam a2200181 a 4500001001000000003000900010005001700019008004100036040002500077082001800102100003300120245008700153246014600240260004300386300002800429650004900457651005000506000048497DO-SdBNP20260527074042.0190325s2016 dr a r 000 0 spa d aDO-SdBNPbspacBNPHU a324.23bH557p1 aHernández Fortuna, Arsenio10aPropuestas para transformar la sociedad dominicana /cArsenio Hernández Fortuna. aEl 81% de los votantes del país tiene la convicción de que la RD necesita un cambio social y político (encuesta Gallup-Hoy, 14/03/2016) aSanto Domingo :bFrente Amplio,c2016. a153 p. :bil. ;c22 cm. 0aPartidos políticoszRepública Dominicana 0aRepública DominicanaxPolítica y gobierno